Datum a čas kvízu
15.5
Celkem bodů
Celkový počet nahraných bodů na tomto kvízu bez doplňovacích otázek.
5.
Pořadí na kvízu
Konečné umístění týmu na tomto kvízu.
Zaznamenané odpovědi
| # | Otázka | Odpověď | Body | Výsledky |
|---|---|---|---|---|
| 1. | Minulý týden vydalo české vývo... | Kingdom Come (Deliverance II) | 1 | |
| 2. | 54letá učitelka Gill Punt z br... | A) za ledního medvěda | 0 | |
| 3. | Britská kapela, která byla zal... | Black Sabbath | 0 | |
| 4. | Vláda jednoho jihoevropského s... | o Chorvatsku | 1 | |
| 5. | Která tenistka v pondělí na so... | Petra Kvitová | 1 | |
| 6. | Kterým podstatným jménem se oz... | bakteriofágy/fágy | 0 | |
| 7. | Který zvířecí přívlastek získa... | prasečí | 1 | |
| 8. | Přiřaďte viry k onemocněním, k... | 1D 2A 3C 4B | 0 | |
| 9. | Viry mají svou genetickou info... | U (uracil) | 0 | |
| 10. | Pandemie smrtících virů jsou v... | May | 0 |